Trendy v měření práce

Meranie práce ako základná disciplína priemyselného inžinierstva. Meranie práce - účinný nástroj riadenia a zvyšovania produktivity. Špeciálny vzorec pre výpočet produktivity. Vývoj techník merania práce: časové štúdie, systémy založené na pohyboch, systémy založené na elementoch, systémy založené n...

Ausführliche Beschreibung

Gespeichert in:
Bibliographische Detailangaben
1. Verfasser: Zandin, K.B
Format: Buchkapitel
Sprache:Tschechisch
Schlagworte:
Tags: Tag hinzufügen
Keine Tags, Fügen Sie das erste Tag hinzu!

MARC

LEADER 00000naa a2200000 4500
001 r022386
005 20230502114142.2
041 0 |a cze 
044 |a CZ 
245 1 0 |a Trendy v měření práce  |c K.B. Zandin 
520 |a Meranie práce ako základná disciplína priemyselného inžinierstva. Meranie práce - účinný nástroj riadenia a zvyšovania produktivity. Špeciálny vzorec pre výpočet produktivity. Vývoj techník merania práce: časové štúdie, systémy založené na pohyboch, systémy založené na elementoch, systémy založené na aktivitách. Aplikácia inžiniersky prepracovaných časových noriem. 
610 2 0 |a meranie práce 
610 2 0 |a inžinierstvo priemyselné 
610 2 0 |a produktivita práce 
610 2 0 |a štúdie časové 
610 2 0 |a štúdie pohybové 
610 2 0 |a normy pracovné 
610 2 0 |a normy časové 
610 2 0 |a Maynard, H.B. 
100 1 |a Zandin, K.B.